000 00889nam a22002657a 4500
001 8478
003 FISKH
005 20250915124332.0
008 250915b cb ||||| |||| 00| 0 eng d
040 _aFISKH
_beng
_cFISKH
_dFISKH
050 _a PZ7.S68524 E
082 _a 813.54
100 _aSobol, Donald J.
245 _aEncyclopedia Brown detective /
_cDonald J. Sobol
250 _aThis edition published in 1972
260 _aChicago :
_bScience Research Associate,
_c1968
300 _a24 pages :
_bcolor illustrations ;
_c21 cm
505 _aN
520 _aFifth-grader "Encyclopedia" Leroy Brown solves ten mysteries and, by putting the solutions at the back of the book, challenges the reader to do the same.
521 8 _a560
_bLexile estimate
521 8 _aN
_bRaz-Plus
650 _aMysteries
_vJuvenile Fiction
942 _2ddc
_cBK
_n0
999 _c8478
_d8478